[Event "Europa ch s-18"]
[Site "Herceg Novi MNT"]
[Date "2008.09.23"]
[Round "8.20"]
[White "Pacher, Milan"]
[Black "Bojchev, Marian"]
[Result "1/2-1/2"]
[WhiteElo "2361"]
[BlackElo "2406"]
[PlyCount "81"]
[EventDate "2008.09.15"]
[EventType "swiss"]
[EventRounds "9"]
[Source "lmi"]
[SourceDate "2008.09.15"]

1. e4 c5 2. Nf3 e6 3. d4 cxd4 4. Nxd4 Nf6 5. Nc3 d6 6. Be2 Nc6 7. Be3 Be7 8.
O-O O-O 9. f4 Bd7 10. Nb3 a6 11. a4 Nb4 12. Bf3 Bc6 13. Nd4 Nd7 14. Kh1 Re8 15.
Nce2 a5 16. c3 Na6 17. Nxc6 bxc6 18. e5 d5 19. Nd4 Qc7 20. f5 Nxe5 21. fxe6
fxe6 22. Nxe6 Qd7 23. Nd4 Kh8 24. Bg1 Rab8 25. b3 Nxf3 26. Qxf3 Nc5 27. c4 Bf6
28. Rad1 Bxd4 29. Bxd4 Nxb3 30. Be5 Rbd8 31. cxd5 cxd5 32. Bg3 Nc5 33. Bh4 Rc8
34. Rxd5 Qc6 35. Rc1 Qxa4 36. Qh3 Qf4 37. Rcd1 Ne4 38. Bg3 Qf6 39. Rxa5 Red8
40. Raa1 Rxd1+ 41. Rxd1 1/2-1/2

[Event "Europa ch s-18"]
[Site "Herceg Novi MNT"]
[Date "2008.09.23"]
[Round "8.27"]
[White "Opinca, Sorin"]
[Black "Homatidis, Panagiotis"]
[Result "0-1"]
[WhiteElo "2175"]
[BlackElo "2037"]
[PlyCount "92"]
[EventDate "2008.09.15"]
[EventType "swiss"]
[EventRounds "9"]
[Source "lmi"]
[SourceDate "2008.09.15"]

1. Nf3 Nf6 2. c4 e6 3. d4 b6 4. g3 Ba6 5. Qc2 Bb7 6. Bg2 c5 7. d5 exd5 8. cxd5
d6 9. Nc3 g6 10. e4 Bg7 11. O-O O-O 12. a4 a6 13. Nd2 Qc7 14. Nc4 Ne8 15. Re1
Nd7 16. Bf4 f6 17. Bh3 Bc8 18. Be6+ Kh8 19. h4 Ne5 20. Bxe5 fxe5 21. a5 bxa5
22. Bxc8 Rxc8 23. Rxa5 Ra8 24. Rea1 Qb7 25. R1a3 Bf6 26. Qa4 Qf7 27. Nd1 g5 28.
hxg5 Bxg5 29. Rxa6 Rxa6 30. Qxa6 Qg6 31. f3 Bf4 32. g4 Qh6 33. Nce3 Qh2+ 34.
Kf1 Bg3 35. Nf5 Qh1+ 36. Ke2 Qe1+ 37. Kd3 Qxd1+ 38. Kc4 Qc2+ 39. Rc3 Qe2+ 40.
Rd3 Qxb2 41. Qa3 Qc2+ 42. Kb5 Be1 43. Kc6 c4 44. Re3 Bd2 45. Re2 c3 46. Rh2 Rf7
0-1

[Event "Europa ch s-18"]
[Site "Herceg Novi MNT"]
[Date "2008.09.23"]
[Round "8.29"]
[White "Dobrev, Nayden"]
[Black "Boyarchenko, Alex"]
[Result "1-0"]
[WhiteElo "2081"]
[BlackElo "1941"]
[PlyCount "61"]
[EventDate "2008.09.15"]
[EventType "swiss"]
[EventRounds "9"]
[Source "lmi"]
[SourceDate "2008.09.15"]

1. e4 c6 2. c4 d5 3. exd5 cxd5 4. d4 Nf6 5. Nc3 e6 6. Nf3 Bb4 7. Bd3 dxc4 8.
Bxc4 Bxc3+ 9. bxc3 Qc7 10. Qe2 O-O 11. O-O Nbd7 12. Bg5 b6 13. Rac1 Bb7 14. Bb3
Ng4 15. g3 Qc6 16. d5 Qc5 17. Nd4 Nge5 18. f4 exd5 19. fxe5 Rae8 20. Ba4 Rxe5
21. Qd2 Nb8 22. Bf4 Re7 23. Rce1 Rxe1 24. Rxe1 a6 25. Qe3 b5 26. Bxb8 bxa4 27.
Bf4 h6 28. Nf5 Qc4 29. Qe5 f6 30. Qe7 Rf7 31. Qxf7+ 1-0

[Event "Europa ch s-18"]
[Site "Herceg Novi MNT"]
[Date "2008.09.23"]
[Round "8.30"]
[White "Vukcevic, Nemanja"]
[Black "Guilleux, Fabien"]
[Result "1/2-1/2"]
[WhiteElo "1884"]
[BlackElo "2397"]
[PlyCount "91"]
[EventDate "2008.09.15"]
[EventType "swiss"]
[EventRounds "9"]
[Source "lmi"]
[SourceDate "2008.09.15"]

1. e4 c5 2. Nf3 d6 3. d4 Nf6 4. Nc3 cxd4 5. Qxd4 a6 6. Bg5 Nc6 7. Qd2 e6 8.
O-O-O Bd7 9. Nd4 Rc8 10. f4 Nxd4 11. Qxd4 Qa5 12. Bxf6 gxf6 13. Qxf6 Rg8 14.
Qd4 b5 15. e5 Rxc3 16. Qxc3 Qxc3 17. bxc3 Bc6 18. Kb1 dxe5 19. fxe5 Rg5 20. Re1
Bg7 21. h4 Rxe5 22. Rxe5 Bxe5 23. Rh3 Ke7 24. g4 Bf4 25. c4 b4 26. Rb3 a5 27.
a3 bxa3 28. Rxa3 a4 29. Bd3 h6 30. Kb2 Bg3 31. g5 h5 32. Be2 Bxh4 33. Bxh5 Bxg5
34. Bf3 Bxf3 35. Rxf3 e5 36. Ra3 e4 37. Kc3 f5 38. Rxa4 Ke6 39. c5 Kd5 40. Rd4+
Kxc5 41. Rd1 f4 42. Rh1 Bf6+ 43. Kd2 Kc4 44. Rh3 Bd4 45. Ke2 f3+ 46. Rxf3
1/2-1/2

[Event "Europa ch s-18"]
[Site "Herceg Novi MNT"]
[Date "2008.09.23"]
[Round "8.31"]
[White "Hansen, Martin"]
[Black "Kvisla, Johannes Luangtep"]
[Result "0-1"]
[WhiteElo "2128"]
[BlackElo "2180"]
[PlyCount "64"]
[EventDate "2008.09.15"]
[EventType "swiss"]
[EventRounds "9"]
[Source "lmi"]
[SourceDate "2008.09.15"]

1. e4 e5 2. Nf3 Nc6 3. Bb5 a6 4. Ba4 Nf6 5. O-O Be7 6. Re1 b5 7. Bb3 d6 8. c3
O-O 9. h3 a5 10. d4 a4 11. Bc2 Bd7 12. Nbd2 h6 13. Nf1 Re8 14. Ng3 Bf8 15. Be3
a3 16. b3 exd4 17. Nxd4 d5 18. exd5 Nxd5 19. Nxc6 Bxc6 20. Qd3 g6 21. Bd2 Qh4
22. Qf3 Bg7 23. Rxe8+ Rxe8 24. Be4 Rd8 25. Re1 f5 26. Nxf5 gxf5 27. Qxf5 Qf6
28. Qh7+ Kf8 29. c4 bxc4 30. bxc4 Nc3 31. Bxc3 Qxc3 32. Qf5+ Bf6 0-1

[Event "Europa ch s-18"]
[Site "Herceg Novi MNT"]
[Date "2008.09.23"]
[Round "8.33"]
[White "Roos, Adrian"]
[Black "Hrabusa, Matej"]
[Result "1-0"]
[WhiteElo "2076"]
[BlackElo "2246"]
[PlyCount "85"]
[EventDate "2008.09.15"]
[EventType "swiss"]
[EventRounds "9"]
[Source "lmi"]
[SourceDate "2008.09.15"]

1. e4 d5 2. exd5 Qxd5 3. Nc3 Qa5 4. d4 Nf6 5. Bc4 Bg4 6. f3 Bf5 7. Bd2 c6 8.
Qe2 e6 9. O-O-O Bb4 10. g4 Bg6 11. f4 O-O 12. Nf3 b5 13. g5 Nh5 14. Bb3 Bxc3
15. Bxc3 Qb6 16. Qe3 a5 17. a4 Na6 18. Ne5 Rfd8 19. Rhf1 Nb4 20. Qe2 bxa4 21.
f5 axb3 22. fxg6 Na2+ 23. Kd2 fxg6 24. Nd7 Rxd7 25. Qxe6+ Kh8 26. Qxd7 Qb8 27.
Rde1 Nxc3 28. bxc3 b2 29. Re5 Qg8 30. Rb1 Rd8 31. Qxc6 Qf8 32. Qe4 a4 33. Rxb2
Qf2+ 34. Qe2 Qf4+ 35. Kd1 Qf7 36. Rb7 Qg8 37. Rbe7 Nf4 38. Qe4 Nh3 39. Kc1 Nxg5
40. Rxg5 a3 41. Ra5 a2 42. Qe6 Qf8 43. Qf7 1-0

[Event "Europa ch s-18"]
[Site "Herceg Novi MNT"]
[Date "2008.09.23"]
[Round "8.35"]
[White "Thorgeirsson, Sverrir"]
[Black "Ivanovic, Lazar"]
[Result "1-0"]
[WhiteElo "2102"]
[BlackElo "1718"]
[PlyCount "81"]
[EventDate "2008.09.15"]
[EventType "swiss"]
[EventRounds "9"]
[Source "lmi"]
[SourceDate "2008.09.15"]

1. e4 c5 2. c3 d6 3. d4 Nf6 4. Bd3 cxd4 5. cxd4 Nc6 6. Ne2 g6 7. Nbc3 Bg7 8.
O-O O-O 9. h3 Nd7 10. d5 Nce5 11. Bc2 a5 12. b3 Nc5 13. f4 Ned7 14. Be3 b6 15.
Bd4 Ba6 16. Re1 b5 17. a3 b4 18. Bxg7 Kxg7 19. axb4 axb4 20. Qd4+ Kg8 21. Qxb4
Rb8 22. Qa3 Bd3 23. Bxd3 Nxd3 24. Red1 Qb6+ 25. Kh1 N7c5 26. Qa7 Qd8 27. Nd4
Rb7 28. Qa2 Nxf4 29. b4 Nd7 30. Nc6 Qe8 31. Qa6 Rb6 32. Qf1 e5 33. Ra7 f5 34.
Qg1 fxe4 35. Rxd7 Qxd7 36. Qxb6 Nd3 37. Nxe4 Nf4 38. Qe3 Nxd5 39. Rxd5 Qxc6 40.
Rxd6 Qc7 41. Qh6 1-0

[Event "Europa ch s-18"]
[Site "Herceg Novi MNT"]
[Date "2008.09.24"]
[Round "9.1"]
[White "Kopylov, Alexander A"]
[Black "Vila Gazquez, Xavier"]
[Result "1/2-1/2"]
[WhiteElo "2421"]
[BlackElo "2419"]
[PlyCount "278"]
[EventDate "2008.09.15"]
[EventType "swiss"]
[EventRounds "9"]
[Source "lmi"]
[SourceDate "2008.09.15"]

1. Nf3 d5 2. d4 Nf6 3. g3 c5 4. Bg2 cxd4 5. O-O Nc6 6. Nxd4 e6 7. c4 Qb6 8.
Nxc6 bxc6 9. Nc3 Bb4 10. Be3 Qa6 11. cxd5 cxd5 12. Bd4 O-O 13. Bxf6 gxf6 14.
Qd4 Be7 15. e4 dxe4 16. Nxe4 e5 17. Qd1 Rb8 18. Nc3 Bc5 19. Nd5 Kh8 20. Rc1 Bd4
21. b4 Bb7 22. Qh5 f5 23. Qxf5 Qg6 24. Qh3 Qg5 25. Rc7 Bc8 26. Qh4 Qxh4 27.
gxh4 a5 28. a3 Be6 29. bxa5 Rb5 30. Nf6 Rxa5 31. Be4 h6 32. Kg2 Rxa3 33. f3
Ra2+ 34. Kg3 Be3 35. Rc2 Ra6 36. Kg2 Rd8 37. Re1 Bd4 38. Nh5 f5 39. Bd3 Rg8+
40. Kh1 Bd5 41. Be2 e4 42. Bc4 exf3 43. Bxd5 f2 44. Rxf2 Bxf2 45. Rf1 Rd8 46.
Bc4 Rc6 47. Be2 Bxh4 48. Rxf5 Rc2 49. Bf1 Rg8 50. Rf3 Rf2 51. Rxf2 Bxf2 52. Bg2
Ba7 53. Ng3 Rf8 54. Ne4 Kg7 55. Bh3 Re8 56. Bg2 Kg6 57. Bf3 Rb8 58. Kg2 Rb2+
59. Kh3 Bb8 60. Ng3 Kg5 61. Bd1 Kf4 62. Bh5 Ra2 63. Bf7 Rb2 64. Bh5 Ba7 65. Bg4
Rb3 66. Be6 Ra3 67. Kh4 Ke5 68. Bg4 Ra2 69. Kh3 Bg1 70. Ne2 Bb6 71. Kh4 Bd8+
72. Kh5 Bg5 73. h4 Bd2 74. Ng3 Ra5 75. Nf5 Kf6 76. Bh3 Rb5 77. Bg4 Rb3 78. Bd1
Ra3 79. Bc2 Ra5 80. Bb1 Ra1 81. Bc2 Rc1 82. Bd3 Rc8 83. Bb1 Be1 84. Bd3 Ra8 85.
Bb1 Ke5 86. Nxh6 Bd2 87. Ng4+ Kf4 88. Nf6 Be1 89. Nh7 Ra1 90. Bc2 Bxh4 91. Nf8
Be1 92. Ng6+ Ke3 93. Bf5 Ba5 94. Kh6 Rf1 95. Bc2 Bd8 96. Kg7 Kd4 97. Bb3 Rf2
98. Be6 Ke4 99. Bc8 Kd5 100. Bb7+ Kd6 101. Bc8 Ba5 102. Bg4 Rg2 103. Bc8 Bc3+
104. Kf7 Rf2+ 105. Kg8 Bd4 106. Bh3 Rf6 107. Kh7 Rf3 108. Bg4 Rg3 109. Bc8 Bf6
110. Bf5 Rc3 111. Bg4 Rc7+ 112. Kh6 Kd5 113. Bf5 Rc1 114. Kh7 Rc5 115. Nf4+ Kd6
116. Bb1 Rc1 117. Bd3 Bb2 118. Be2 Rg1 119. Bd3 Ke7 120. Nd5+ Kf7 121. Kh6 Bc1+
122. Kh5 Ke6 123. Bc4 Ke5 124. Ne7 Rg5+ 125. Kh4 Rg7 126. Nc6+ Kf4 127. Kh3
Rg3+ 128. Kh2 Rc3 129. Bd5 Rc5 130. Bg2 Kg4 131. Be4 Bb2 132. Nb4 Rc4 133. Nd3
Bd4 134. Kg2 Ra4 135. Bf3+ Kf5 136. Bd5 Ra3 137. Bg8 Kg4 138. Be6+ Kg5 139. Bc4
Rc3 1/2-1/2

[Event "Europa ch s-18"]
[Site "Herceg Novi MNT"]
[Date "2008.09.24"]
[Round "9.6"]
[White "Benidze, Davit"]
[Black "Saric, Ivan"]
[Result "1/2-1/2"]
[WhiteElo "2389"]
[BlackElo "2511"]
[PlyCount "99"]
[EventDate "2008.09.15"]
[EventType "swiss"]
[EventRounds "9"]
[Source "lmi"]
[SourceDate "2008.09.15"]

1. d4 Nf6 2. c4 g6 3. Nc3 Bg7 4. e4 d6 5. f3 O-O 6. Be3 c5 7. dxc5 dxc5 8. Qxd8
Rxd8 9. Bxc5 Nc6 10. Ba3 a5 11. Rd1 Be6 12. Nd5 Nb4 13. Nxe7+ Kh8 14. Nd5 Nc2+
15. Kf2 Nxa3 16. bxa3 b5 17. Nh3 Rac8 18. Be2 bxc4 19. Nb6 c3 20. Nxc8 Rxc8 21.
Ba6 Rc6 22. Bb5 Rc5 23. Ba4 Bh6 24. g4 c2 25. Rc1 Bxc1 26. Rxc1 Rc3 27. Ng5
Bxa2 28. e5 Nd5 29. Rxc2 Rxa3 30. Rc8+ Kg7 31. Be8 Nf4 32. Rc7 Nd3+ 33. Ke2
Nxe5 34. f4 Nxg4 35. Bxf7 Bxf7 36. Rxf7+ Kg8 37. Rxh7 a4 38. Ra7 Nxh2 39. Ra6
Kg7 40. Ra7+ Kf8 41. Ra6 Ra1 42. Rxg6 a3 43. Ra6 a2 44. Ne4 Nf3 45. Kxf3 Rf1+
46. Kg4 a1=Q 47. Rxa1 Rxa1 48. Ng5 Ke7 49. Kf5 Ra5+ 50. Kg6 1/2-1/2

[Event "Europa ch s-18"]
[Site "Herceg Novi MNT"]
[Date "2008.09.24"]
[Round "9.7"]
[White "Stupak, Kirill"]
[Black "Burg, Twan"]
[Result "1-0"]
[WhiteElo "2458"]
[BlackElo "2359"]
[PlyCount "45"]
[EventDate "2008.09.15"]
[EventType "swiss"]
[EventRounds "9"]
[Source "lmi"]
[SourceDate "2008.09.15"]

1. d4 Nf6 2. g3 c5 3. d5 d6 4. c4 g6 5. Bg2 Bg7 6. Nc3 O-O 7. Nf3 Na6 8. O-O
Nc7 9. h3 e5 10. e4 Bd7 11. a4 b6 12. Ne1 a6 13. f4 Nh5 14. Kh2 Rb8 15. Nd3 b5
16. fxe5 Bxe5 17. Nxe5 dxe5 18. Be3 bxc4 19. Bxc5 Rxb2 20. Bxf8 Qxf8 21. Rb1
Qb4 22. Rxb2 Qxb2 23. Qf3 1-0

[Event "Europa ch s-18"]
[Site "Herceg Novi MNT"]
[Date "2008.09.24"]
[Round "9.8"]
[White "Piorun, Kacper"]
[Black "Volodin, Aleksandr"]
[Result "0-1"]
[WhiteElo "2445"]
[BlackElo "2397"]
[PlyCount "100"]
[EventDate "2008.09.15"]
[EventType "swiss"]
[EventRounds "9"]
[Source "lmi"]
[SourceDate "2008.09.15"]

1. e4 c5 2. Nf3 d6 3. d4 cxd4 4. Nxd4 Nf6 5. Nc3 g6 6. Be3 Bg7 7. f3 a6 8. Bc4
b5 9. Bb3 Bb7 10. Qd2 Nbd7 11. O-O-O Nc5 12. Bh6 Bxh6 13. Qxh6 Qc7 14. Kb1 Nxb3
15. cxb3 Qc5 16. g4 Ng8 17. Qd2 Nf6 18. h4 h5 19. g5 Nd7 20. Rc1 Qb6 21. Nd5
Bxd5 22. exd5 O-O 23. Rhe1 Rfe8 24. f4 Qb7 25. Nc6 Nf8 26. f5 Qd7 27. Ka1 gxf5
28. Qd1 e5 29. Qxh5 f4 30. Qf3 Qf5 31. Re4 Nh7 32. Rg1 Kh8 33. a4 Rac8 34. a5
Rc7 35. Rg4 Rg8 36. Re1 f6 37. Reg1 fxg5 38. hxg5 Nxg5 39. Qf2 Rcg7 40. Qh4+
Qh7 41. Nb4 Qxh4 42. Rxh4+ Nh7 43. Rxg7 Rxg7 44. Nd3 Rg1+ 45. Ka2 Kg7 46. b4
Nf6 47. b3 f3 48. Nf2 e4 49. Nxe4 Nxe4 50. Rxe4 f2 0-1

[Event "Europa ch s-18"]
[Site "Herceg Novi MNT"]
[Date "2008.09.24"]
[Round "9.9"]
[White "Krejci, Jan"]
[Black "Samolins, Vitalijs"]
[Result "1-0"]
[WhiteElo "2305"]
[BlackElo "2444"]
[PlyCount "79"]
[EventDate "2008.09.15"]
[EventType "swiss"]
[EventRounds "9"]
[Source "lmi"]
[SourceDate "2008.09.15"]

1. e4 e5 2. Nf3 Nc6 3. Bb5 g6 4. d4 exd4 5. Bg5 f6 6. Bh4 h5 7. Bg3 a6 8. Ba4
Bg7 9. O-O Nge7 10. h3 f5 11. exf5 Nxf5 12. Re1+ Kf8 13. Nbd2 Nxg3 14. fxg3 d5
15. Nh4 Qd6 16. Qf3+ Kg8 17. Bb3 Kh7 18. Bxd5 Ne5 19. Qe4 c6 20. Bb3 Rf8 21.
Qe2 d3 22. Qe3 Ng4 23. Qe7 Qd4+ 24. Kh1 Nf2+ 25. Kh2 Qf6 26. Ndf3 Bf5 27. Qe3
Ne4 28. Nxf5 gxf5 29. cxd3 Nxg3 30. Qf4 h4 31. Ng5+ Kg6 32. Re6 Bh6 33. Rxf6+
Rxf6 34. Qxh4 Ne2 35. Ne6 Re8 36. Rf1 Rfxe6 37. Bxe6 Rxe6 38. g4 Nf4 39. gxf5+
Kxf5 40. Qg4+ 1-0

[Event "Europa ch s-18"]
[Site "Herceg Novi MNT"]
[Date "2008.09.24"]
[Round "9.10"]
[White "Nabaty, Tamir"]
[Black "Khojayan, Vardan"]
[Result "1-0"]
[WhiteElo "2431"]
[BlackElo "2286"]
[PlyCount "89"]
[EventDate "2008.09.15"]
[EventType "swiss"]
[EventRounds "9"]
[Source "lmi"]
[SourceDate "2008.09.15"]

1. e4 c5 2. Nf3 d6 3. d4 cxd4 4. Nxd4 Nf6 5. Nc3 a6 6. Bg5 e6 7. f4 Nbd7 8. Qf3
Qc7 9. O-O-O b5 10. e5 Bb7 11. Qh3 dxe5 12. Nxe6 fxe6 13. Qxe6+ Be7 14. Bxf6
gxf6 15. Bxb5 axb5 16. Nxb5 Qc6 17. Nd6+ Kd8 18. Nxb7+ Kc7 19. Qxe7 Rxa2 20.
Rd3 Ra1+ 21. Kd2 Qxg2+ 22. Kc3 Qc6+ 23. Nc5 Qxc5+ 24. Qxc5+ Nxc5 25. Rxa1 Nxd3
26. Kxd3 Rd8+ 27. Kc3 e4 28. Ra7+ Kd6 29. Ra6+ Ke7 30. f5 Rd5 31. Re6+ Kf7 32.
Rxe4 Rxf5 33. b4 Rf3+ 34. Kb2 f5 35. Rh4 Kg6 36. b5 Re3 37. b6 Re7 38. Rb4 Rb7
39. c4 f4 40. c5 f3 41. Kc3 Kf5 42. Rb2 Ke4 43. Kc4 Rg7 44. b7 f2 45. Re2+ 1-0

[Event "Europa ch s-18"]
[Site "Herceg Novi MNT"]
[Date "2008.09.24"]
[Round "9.12"]
[White "Kulakov, Viacheslav"]
[Black "Rozum, Ivan"]
[Result "0-1"]
[WhiteElo "2360"]
[BlackElo "2444"]
[PlyCount "90"]
[EventDate "2008.09.15"]
[EventType "swiss"]
[EventRounds "9"]
[Source "lmi"]
[SourceDate "2008.09.15"]

1. d4 g6 2. c4 Bg7 3. Nc3 c5 4. d5 Bxc3+ 5. bxc3 f5 6. Nf3 Qa5 7. Qc2 d6 8. g3
Nf6 9. Bh6 Rg8 10. Nd2 Nbd7 11. Bg2 Nb6 12. h3 Qa4 13. Qd3 Bd7 14. O-O g5 15.
f4 gxf4 16. Rxf4 Nh5 17. Rf3 Rg6 18. Bf4 O-O-O 19. e4 Rdg8 20. Qe3 Nxc4 21.
Nxc4 Qxc4 22. exf5 Bxf5 23. Re1 Qxa2 24. Bxd6 exd6 25. Rxf5 Nxg3 26. Rf2 Qa4
27. Qe7 Nf5 28. Rxf5 Rxg2+ 29. Kh1 Qd7 30. Rf8+ Kc7 31. Rf7 Qxe7 32. Rexe7+ Kb6
33. Rxb7+ Ka6 34. Rb1 R2g3 35. Rxh7 Rxc3 36. Rh6 Ka5 37. Kh2 Rc2+ 38. Kh1 Rg3
39. Ra1+ Kb5 40. Rxa7 Rd3 41. Ra1 Rxd5 42. h4 c4 43. Rh8 c3 44. h5 Rcd2 45. h6
c2 0-1

[Event "Europa ch s-18"]
[Site "Herceg Novi MNT"]
[Date "2008.09.24"]
[Round "9.14"]
[White "Blomqvist, Erik"]
[Black "Pereira, Ruben"]
[Result "1/2-1/2"]
[WhiteElo "2322"]
[BlackElo "2418"]
[PlyCount "44"]
[EventDate "2008.09.15"]
[EventType "swiss"]
[EventRounds "9"]
[Source "lmi"]
[SourceDate "2008.09.15"]

1. e4 c5 2. Nf3 d6 3. d4 cxd4 4. Nxd4 Nf6 5. Nc3 a6 6. Bg5 e6 7. f4 Qc7 8. Bxf6
gxf6 9. Qd2 Nc6 10. O-O-O Bd7 11. Kb1 Nxd4 12. Qxd4 Be7 13. Be2 Qc5 14. Qxc5
dxc5 15. Bh5 Bc6 16. f5 Kf8 17. Rhf1 Rd8 18. fxe6 fxe6 19. Bg4 Rxd1+ 20. Rxd1
Kf7 21. Bh5+ Kg7 22. Bg4 Kf7 1/2-1/2

[Event "Europa ch s-18"]
[Site "Herceg Novi MNT"]
[Date "2008.09.24"]
[Round "9.16"]
[White "Tereick, Benjamin"]
[Black "Katov, Luboslav"]
[Result "1-0"]
[WhiteElo "2382"]
[BlackElo "2242"]
[PlyCount "69"]
[EventDate "2008.09.15"]
[EventType "swiss"]
[EventRounds "9"]
[Source "lmi"]
[SourceDate "2008.09.15"]

1. Nf3 Nf6 2. c4 e6 3. g3 d5 4. Bg2 Be7 5. O-O O-O 6. d4 dxc4 7. Qc2 a6 8. Qxc4
b5 9. Qc2 Bb7 10. Bd2 Ra7 11. a3 Nbd7 12. Ba5 Be4 13. Qc1 Bd6 14. Nbd2 Ba8 15.
Qc2 Qe7 16. b4 g6 17. Rac1 Re8 18. Rfe1 e5 19. dxe5 Nxe5 20. Nxe5 Bxg2 21. Kxg2
Qxe5 22. e4 Ng4 23. f4 Qd4 24. Nf1 Qg7 25. e5 Bf8 26. Qc6 Raa8 27. Bxc7 g5 28.
f5 Rac8 29. Qf3 Nxe5 30. Rxe5 Rxc7 31. f6 Qh6 32. Rxe8 Rxc1 33. Ne3 g4 34.
Qxg4+ Kh8 35. Qf4 1-0

[Event "Europa ch s-18"]
[Site "Herceg Novi MNT"]
[Date "2008.09.24"]
[Round "9.17"]
[White "Dzalbo, Andrejs"]
[Black "Narmontas, Matas"]
[Result "1-0"]
[WhiteElo "2102"]
[BlackElo "2369"]
[PlyCount "59"]
[EventDate "2008.09.15"]
[EventType "swiss"]
[EventRounds "9"]
[Source "lmi"]
[SourceDate "2008.09.15"]

1. d4 c5 2. c3 Nf6 3. Nf3 b6 4. Bf4 Bb7 5. e3 e6 6. Nbd2 Be7 7. Bd3 Nc6 8. Qe2
Rc8 9. a3 d5 10. Ne5 O-O 11. h4 Re8 12. Ndf3 Ne4 13. Nxc6 Bxc6 14. Ba6 Ra8 15.
Ne5 Ba4 16. Bb7 f6 17. Nc6 Bxc6 18. Bxc6 e5 19. dxe5 fxe5 20. O-O-O Nxc3 21.
bxc3 exf4 22. Bxd5+ Kh8 23. Be4 Qc8 24. Qh5 h6 25. Qg6 Kg8 26. Qh7+ Kf7 27.
Bg6+ Kf6 28. e4 Qg4 29. e5+ Ke6 30. Qxg7 1-0

[Event "Europa ch s-18"]
[Site "Herceg Novi MNT"]
[Date "2008.09.24"]
[Round "9.19"]
[White "Bojchev, Marian"]
[Black "Hanley, James L"]
[Result "1/2-1/2"]
[WhiteElo "2406"]
[BlackElo "2243"]
[PlyCount "67"]
[EventDate "2008.09.15"]
[EventType "swiss"]
[EventRounds "9"]
[Source "lmi"]
[SourceDate "2008.09.15"]

1. c4 Nf6 2. Nc3 e6 3. Nf3 Bb4 4. Qc2 O-O 5. a3 Bxc3 6. Qxc3 b6 7. e3 Bb7 8.
Be2 d6 9. d3 a5 10. b3 Nbd7 11. Bb2 Qe7 12. O-O Nc5 13. Qc2 h6 14. Nd2 e5 15.
b4 axb4 16. axb4 Ncd7 17. Nb3 Rfb8 18. e4 Bc6 19. b5 Bb7 20. g3 Nf8 21. f4 N6d7
22. Bg4 Ne6 23. Ba3 Nec5 24. Bxd7 Nxd7 25. Bb2 Rxa1 26. Bxa1 f5 27. fxe5 fxe4
28. exd6 exd3 29. Qxd3 cxd6 30. Nd4 Qe4 31. Qxe4 Bxe4 32. Re1 Nc5 33. Nc6 Rb7
34. Nb4 1/2-1/2

[Event "Europa ch s-18"]
[Site "Herceg Novi MNT"]
[Date "2008.09.24"]
[Round "9.20"]
[White "Homatidis, Panagiotis"]
[Black "Lichmann, Peter"]
[Result "0-1"]
[WhiteElo "2037"]
[BlackElo "2375"]
[PlyCount "64"]
[EventDate "2008.09.15"]
[EventType "swiss"]
[EventRounds "9"]
[Source "lmi"]
[SourceDate "2008.09.15"]

1. e4 c5 2. Nf3 d6 3. d4 cxd4 4. Nxd4 Nf6 5. Nc3 g6 6. Be3 Bg7 7. Be2 O-O 8.
O-O Nc6 9. Nxc6 bxc6 10. f3 d5 11. exd5 cxd5 12. Bd4 Bb7 13. Re1 Ne8 14. Bxg7
Nxg7 15. Qd4 e5 16. Qxe5 Qb6+ 17. Kh1 Rfe8 18. Qf4 Qxb2 19. Na4 Qxc2 20. Bf1
Bc6 21. Rxe8+ Bxe8 22. Qd6 Qxa4 23. Qxd5 Bc6 24. Qc5 Ne6 25. Qc4 Qxc4 26. Bxc4
Rd8 27. Bxe6 fxe6 28. Kg1 Kf7 29. Rc1 Bb5 30. Kf2 Rd2+ 31. Kg3 Rxa2 32. Rc7+
Kf6 0-1

[Event "Europa ch s-18"]
[Site "Herceg Novi MNT"]
[Date "2008.09.24"]
[Round "9.21"]
[White "Nikologorsky, Matfei"]
[Black "Pacher, Milan"]
[Result "0-1"]
[WhiteElo "2197"]
[BlackElo "2361"]
[PlyCount "40"]
[EventDate "2008.09.15"]
[EventType "swiss"]
[EventRounds "9"]
[Source "lmi"]
[SourceDate "2008.09.15"]

1. e4 c5 2. Nf3 Nc6 3. d4 cxd4 4. Nxd4 Nf6 5. f3 Qb6 6. Nxc6 bxc6 7. c4 e5 8.
Nc3 Bc5 9. Qc2 Bd4 10. g4 d6 11. h4 Rb8 12. Na4 Qb7 13. h5 h6 14. Rb1 d5 15. g5
hxg5 16. Bxg5 dxe4 17. Bxf6 gxf6 18. fxe4 Qb4+ 19. Kd1 Bg4+ 20. Be2 Rd8 0-1

[Event "Europa ch s-18"]
[Site "Herceg Novi MNT"]
[Date "2008.09.24"]
[Round "9.25"]
[White "Gutenev, Alexander"]
[Black "Sarenac, David"]
[Result "1-0"]
[WhiteElo "2280"]
[BlackElo "2222"]
[PlyCount "41"]
[EventDate "2008.09.15"]
[EventType "swiss"]
[EventRounds "9"]
[Source "lmi"]
[SourceDate "2008.09.15"]

1. e4 c5 2. Nf3 d6 3. d4 cxd4 4. Nxd4 Nf6 5. Nc3 a6 6. Be3 e5 7. Nf3 Be7 8. Bc4
O-O 9. O-O Nc6 10. Qe2 Na5 11. Bb3 Be6 12. Rfd1 Nxb3 13. axb3 Qe8 14. Bg5 Nd7
15. Bxe7 Qxe7 16. Qd2 Rac8 17. Qxd6 Qf6 18. Nd5 Bxd5 19. Qxd5 Rc7 20. Rd2 Rd8
21. Rad1 1-0

[Event "Europa ch s-18"]
[Site "Herceg Novi MNT"]
[Date "2008.09.24"]
[Round "9.27"]
[White "Botta, Gabriele"]
[Black "Froewis, Georg"]
[Result "1/2-1/2"]
[WhiteElo "2158"]
[BlackElo "2269"]
[PlyCount "92"]
[EventDate "2008.09.15"]
[EventType "swiss"]
[EventRounds "9"]
[Source "lmi"]
[SourceDate "2008.09.15"]

1. e4 e6 2. d4 d5 3. Nd2 c5 4. exd5 exd5 5. Ngf3 Nc6 6. Bb5 Bd6 7. dxc5 Bxc5 8.
O-O Nge7 9. Nb3 Bd6 10. Bg5 O-O 11. Re1 Bg4 12. Be2 Qc7 13. h3 Bd7 14. Bxe7
Nxe7 15. c3 Rad8 16. Nbd4 a6 17. Bd3 Ng6 18. Ng5 h6 19. Bxg6 hxg5 20. Bf5 g6
21. Bxd7 Qxd7 22. Qf3 Rfe8 23. Qf6 Be7 24. Qe5 Ba3 25. Qg3 Bxb2 26. Rxe8+ Rxe8
27. Rb1 Ba3 28. Qxg5 Bc5 29. h4 Re4 30. h5 Be7 31. Qg3 Bd6 32. Qf3 Rf4 33. Qxd5
Rxf2 34. Qxb7 Qxb7 35. Rxb7 Rxa2 36. hxg6 fxg6 37. Rb6 Be5 38. Rxg6+ Kf7 39.
Rg5 Bf6 40. Rc5 a5 41. Rc7+ Kg6 42. Rc6 a4 43. Ra6 a3 44. Kh2 Kg5 45. Nf3+ Kh5
46. Nd4 Kg5 1/2-1/2

[Event "Europa ch s-18"]
[Site "Herceg Novi MNT"]
[Date "2008.09.24"]
[Round "9.31"]
[White "Omarsson, Dadi"]
[Black "Thorgeirsson, Sverrir"]
[Result "1/2-1/2"]
[WhiteElo "2029"]
[BlackElo "2102"]
[PlyCount "36"]
[EventDate "2008.09.15"]
[EventType "swiss"]
[EventRounds "9"]
[Source "lmi"]
[SourceDate "2008.09.15"]

1. d4 Nf6 2. c4 e6 3. Nc3 Bb4 4. Bg5 c5 5. d5 d6 6. e3 h6 7. Bh4 O-O 8. Nf3
exd5 9. cxd5 Bg4 10. Be2 Nbd7 11. O-O Qe7 12. Rc1 Rfe8 13. Nd2 Bxe2 14. Qxe2
Bxc3 15. bxc3 g5 16. Bg3 Ne5 17. c4 a6 18. a4 Qd7 1/2-1/2

[Event "Europa ch s-18"]
[Site "Herceg Novi MNT"]
[Date "2008.09.24"]
[Round "9.32"]
[White "Boyarchenko, Alex"]
[Black "Roos, Adrian"]
[Result "0-1"]
[WhiteElo "1941"]
[BlackElo "2076"]
[PlyCount "86"]
[EventDate "2008.09.15"]
[EventType "swiss"]
[EventRounds "9"]
[Source "lmi"]
[SourceDate "2008.09.15"]

1. e4 c5 2. Nf3 d6 3. c3 Nf6 4. h3 Nc6 5. Bd3 d5 6. exd5 Qxd5 7. Bc2 Bf5 8. O-O
Bxc2 9. Qxc2 e6 10. d4 cxd4 11. Rd1 Be7 12. cxd4 O-O 13. Nc3 Qa5 14. Qb3 Qb4
15. d5 Qxb3 16. axb3 Nxd5 17. Nxd5 exd5 18. Rxd5 Rfd8 19. Rxd8+ Rxd8 20. Be3
Bf6 21. Rb1 a6 22. Bg5 Bxg5 23. Nxg5 Rd3 24. Re1 g6 25. Ne4 Rxb3 26. Re2 Kg7
27. Rd2 Ne5 28. Nc5 Rb5 29. Rc2 a5 30. f4 b6 31. fxe5 Rxc5 32. Re2 Rb5 33. Kf2
Rb3 34. Ke1 Kf8 35. Kd1 Ke7 36. Rf2 Re3 37. Rf6 b5 38. Ra6 a4 39. Ra7+ Ke6 40.
Ra6+ Kxe5 41. Rb6 Rb3 42. Kc2 h5 43. Rb7 f6 0-1